000 00805nam a2200229 a 4500
001 81815
003 BD-RjUL
005 20230830105734.0
008 230830s2012 ii ||||| |||| 00| 0 ben d
020 _a9789381640111
035 _a(BD-RjUL)81815
040 _aBD-RjUL
_beng
_cBD-RjUL
041 _aben
082 _223
_a954.14
_bBAB 2012
100 _aবসু, নির্মল কুমার
_98699
245 _aবিয়াল্লিসেরে বাংলা /
_cনির্মল কুমার বসু
260 _aকলকাতা :
_bকারিগর পাবলিশার্স,
_c২০১২
300 _a৪০৬ পৃ.;
_c১৯ সেমি.
650 _aবাংলার ইতিহাস
_92443
650 _aHistory of Bengal
_92444
942 _2ddc
_cBK
999 _c81815
_d81815